Primer pla de cursos de reciclatge del personal / Diputació de Barcelona
Publicado:
Barcelona :
Diputació de Barcelona, Escola d'arts i oficis, Secció d'arts gràfiques ,
1984
Descripción Física:
1 triptic ; 21 cm
Materias:
Personal -- Formació -- Barcelona
MARC
| LEADER | 00000nam a2200000Ia 4500 | ||
|---|---|---|---|
| 001 | 15846 | ||
| 008 | 160829s1984 xx 000 0 cat d | ||
| 080 | |a FU-40-3 | ||
| 245 | |a Primer pla de cursos de reciclatge del personal / Diputació de Barcelona | ||
| 260 | |a Barcelona : |b Diputació de Barcelona, Escola d'arts i oficis, Secció d'arts gràfiques, |c 1984 | ||
| 300 | |a 1 triptic ; |c 21 cm | ||
| 590 | |a Prové de G-899, exp. 15. | ||
| 590 | |a A la part superior de la portada: Diputació de Barcelona, Àrea de Règim Interior, Servei de personal. Àrea d'Ensenyament, Servei d'Ensenyament i Investigació. | ||
| 590 | |a Hi ha un duplicat, DUP-186-47 | ||
| 650 | |a Personal |x Formació |x Barcelona |9 46762 | ||
| 710 | |a Barcelona (Catalunya : Província). |b Àrea de Règim Interior, Hisenda i Planificació |9 53667 | ||
| 710 | 1 | |a Barcelona (Catalunya : Província). |b Àrea d'Ensenyament |9 55053 | |
| 901 | |a Arxiu | ||
| 942 | |n 1 | ||
| 952 | |0 0 |1 0 |4 0 |6 FU403 |7 1 |9 53432 |a Arxiu |b Arxiu |d 2016-12-01 |l 0 |o FU-40-3 |p 15846 |r 2016-12-01 00:00:00 |w 2016-12-01 |y ARXIU | ||
| 999 | |c 57298 |d 57298 | ||